00956nam a2200253 a 450000100060000000300080000600500170001400800410003103500190007204000230009104100080011408200220012210000590014424501380020326000420034130000290038350400270041265000220043965000320046170000420049394200120053599900170054795201380056469277BD-RjUL20211209081852.0170410s1961 caua b 001 0 eng  a(BD-RjUL)69488 aDLCcDLCdDLCbeng aeng00a576223bSTG 19611 aSturtevant, A. H.q(Alfred Henry),d1891-1970.920524610aGenetics and evolution :bselected papers of A. H. Sturtevant /cSelected and edited by E. B. Lewis. With a foreword by G. W. Beadle. aSan Francisco :bW. H. Freeman,c1961 a334 p. :bill. ;c25 cm. aIncludes bibliography. 0aGenetics.9205247 0aEvolution (Biology)92052481 aLewis, Edward B.,d1918-2004.9205249 2ddccBK c69277d69277 00102ddc40718NFICaRUCLbRUCLcReadingd1965-10-11eZeithlingerg54.20l0o576 STG 1961r2017-04-10 00:00:00tC-1w2017-04-10yBK